000 01419nam a2200325 i 4500
001 6344
003 ES-MaACL
005 20250730161446.0
007 t|
008 890925s1988 sp |||| | spa d
020 _a84-7090-188-5
080 _a9(8.03)"17"
100 1 _aJuan, Jorge,
_d1713-1773
_967092
245 1 0 _aNoticias secretas de América /
_cJorge Juan y Antonio de Ulloa ; presentación por José M. Gómez-Tabanera.
260 _aMadrid :
_bIstmo,
_c1988.
300 _aXXV, XIII, 880 p. ;
_c21 cm.
490 1 _aMundus novus ;
_v9
505 8 _aContiene: Las "Noticias secretas de América" y el enigma de su publicación / por Carlos Pereyra. La crítica española de la situación de América en el siglo XVIII ; Algunos problemas del siglo XVIII / por Ramón Ezquerra
534 _pReprod. facs.de la ed. de:
_cLondres : En la Imprenta de R. Taylor, 1826.
650 4 _aMarina de guerra-
_zEspaña-
_yS.XVIII.
_914787
650 4 _aIndios de Perú-
_xTrato recibido-
_vHistoria.
_9156742
651 4 _aPerú-
_xHistoria-
_y1548-1820, Epoca colonial.
_99225
700 1 _aUlloa, Antonio de,
_d1716-1795
_9156744
700 0 _aGómez-Tabanera, José Manuel,
_d1926-2011
_958165
700 1 _aPereyra, Carlos,
_d1871-1942
_990541
700 1 _aEzquerra Abadía, Ramón,
_d1904-1994
_948475
830 1 _aMundus novus ;
_v9
_9177495
852 _aES-MaACL
_jL-13516
999 _c6344
_d6344